000 00400 a2200169 4500
001 186658
020 _a85-08-04064-3
040 _cMagnum
100 _aMachado, Ana Maria
240 1 0 _aNa praia e no luar, tartaruga quer o mar
_lpor
245 1 0 _aNa praia e no luar, tartaruga quer o mar
300 _a28
362 0 _a1998
440 1 _aÁtica
697 _aLITERATURA INFANTO
942 _cBK
999 _c186658
_d186658